<?xml version="1.0" encoding="UTF-8"?><?xml-stylesheet type="text/xsl" href="static/style.xsl"?><OAI-PMH xmlns="http://www.openarchives.org/OAI/2.0/" xmlns:xsi="http://www.w3.org/2001/XMLSchema-instance" xsi:schemaLocation="http://www.openarchives.org/OAI/2.0/ http://www.openarchives.org/OAI/2.0/OAI-PMH.xsd"><responseDate>2026-04-17T09:36:02Z</responseDate><request verb="GetRecord" identifier="oai:riubu.ubu.es:10259/4777" metadataPrefix="marc">https://riubu.ubu.es/oai/request</request><GetRecord><record><header><identifier>oai:riubu.ubu.es:10259/4777</identifier><datestamp>2022-04-26T11:42:11Z</datestamp><setSpec>com_10259_2699</setSpec><setSpec>col_10259_2703</setSpec></header><metadata><record xmlns="http://www.loc.gov/MARC21/slim" xmlns:doc="http://www.lyncode.com/xoai" xmlns:xsi="http://www.w3.org/2001/XMLSchema-instance" xmlns:dcterms="http://purl.org/dc/terms/" xsi:schemaLocation="http://www.loc.gov/MARC21/slim http://www.loc.gov/standards/marcxml/schema/MARC21slim.xsd">
<leader>00925njm 22002777a 4500</leader>
<datafield tag="042" ind1=" " ind2=" ">
<subfield code="a">dc</subfield>
</datafield>
<datafield tag="720" ind1=" " ind2=" ">
<subfield code="a">Gallego López, Mónica Milena</subfield>
<subfield code="e">author</subfield>
</datafield>
<datafield tag="260" ind1=" " ind2=" ">
<subfield code="c">2017</subfield>
</datafield>
<datafield tag="520" ind1=" " ind2=" ">
<subfield code="a">En la presente tesis doctoral se desarrolla un estudio de investigación que persigue la historia del arpa de pedales en Colombia. Da a conocer la identidad musical del país a través del instrumento y deja constancia del legado histórico de este arte, de los músicos, intérpretes, compositores y maestros de nuestro país, desde sus orígenes hasta nuestros días. Se aborda todo lo referente a este instrumento desde varios aspectos, no sólo el artístico musical e interpretativo, sino también el histórico, organológico, compositivo y de formación, enmarcado en la cultura y sociedad de las diferentes épocas. Se realiza un acercamiento cualitativo a los arpistas en la actualidad con el diseño, desarrollo, análisis y evaluación de entrevistas. Entre los resultados obtenidos, cabe destacar la verificación de la confluencia de factores de naturaleza artística, social y cultural en el desarrollo instrumental del arpa y en la creación musical, aportando, con carácter innovador y con importantes repercusiones, el catálogo de obras escritas para el instrumento por compositores colombianos desde la época de la colonia hasta el siglo XX. Por último, la investigación muestra las aplicaciones que de la historiación critica del arpa pueden derivarse para la formación de arpistas y el reconocimiento de su valor.</subfield>
</datafield>
<datafield tag="024" ind2=" " ind1="8">
<subfield code="a">http://hdl.handle.net/10259/4777</subfield>
</datafield>
<datafield tag="024" ind2=" " ind1="8">
<subfield code="a">10.36443/10259/4777</subfield>
</datafield>
<datafield ind1=" " ind2=" " tag="653">
<subfield code="a">arpa de pedales</subfield>
</datafield>
<datafield ind1=" " ind2=" " tag="653">
<subfield code="a">musicología</subfield>
</datafield>
<datafield ind1=" " ind2=" " tag="653">
<subfield code="a">composición musical</subfield>
</datafield>
<datafield ind1=" " ind2=" " tag="653">
<subfield code="a">educación</subfield>
</datafield>
<datafield ind1=" " ind2=" " tag="653">
<subfield code="a">música</subfield>
</datafield>
<datafield ind1=" " ind2=" " tag="653">
<subfield code="a">pedal harp</subfield>
</datafield>
<datafield ind1=" " ind2=" " tag="653">
<subfield code="a">musicology</subfield>
</datafield>
<datafield ind1=" " ind2=" " tag="653">
<subfield code="a">musical composition</subfield>
</datafield>
<datafield ind1=" " ind2=" " tag="653">
<subfield code="a">teaching training</subfield>
</datafield>
<datafield ind1=" " ind2=" " tag="653">
<subfield code="a">music</subfield>
</datafield>
<datafield tag="245" ind1="0" ind2="0">
<subfield code="a">El Arpa de Pedales en Colombia: evolución instrumental, de la creación musical y de la formación de arpistas</subfield>
</datafield>
</record></metadata></record></GetRecord></OAI-PMH>